| 000 | 00389nam a2200133Ia 4500 | ||
|---|---|---|---|
| 005 | 20260328104259.0 | ||
| 008 | 260328s9999||||xx |||||||||||||| ||und|| | ||
| 100 | _aMena, Victoria Eugenia | ||
| 245 | 0 |
_aDiseño Básico, reflexiones sobre pedagogía / _cVictoria Eugenia Mena |
|
| 260 | _bUniversidad de Bogotá Jorge Tadeo Lozano | ||
| 300 | _a185 p. | ||
| 650 | _aDISEÑO | ||
| 942 | _cBK | ||
| 999 |
_c10547 _d10547 |
||